000
00246nam a2200097Ia 4500
001
829765
005
20250826172305.0
008
250824s9999 xx 000 0 und d
245
0
_a
DEDEMİN BAKKALI
_c
ŞERMİN YAŞAR
260
_b
TAZE KİTAP YAYINLARI
999
_c
829765
_d
829765